| 000 | 00597nam a2200193 i 4500 | ||
|---|---|---|---|
| 001 | 89648 | ||
| 003 | ES-MaACL | ||
| 005 | 20230906180236.0 | ||
| 007 | t| | ||
| 008 | 050112s1917 fr ||||1| fre d | ||
| 100 | 1 |
_aLasserre, Pierre. _970470 |
|
| 245 | 1 | 2 |
_aL'esprit de la musique française _b: ( de Rameau a l'invasion waguérienne) / _cPierre Lasserre. |
| 260 |
_aParís : _bLibrairie Payot et Cia, _c1917. |
||
| 300 |
_a251 p. ; _c19 cm. |
||
| 500 | _aLas pag. 1 a 16 son de otra obra. | ||
| 650 | 4 |
_aMúsica francesa. _9139203 |
|
| 852 |
_aES-MaACL _jG-8813 |
||
| 852 |
_aES-MaACL _jF-5859 |
||
| 999 |
_c89648 _d89648 |
||